| 000 | 00722nam a2200253Ia 4500 | ||
|---|---|---|---|
| 003 | OSt | ||
| 005 | 20250121125719.0 | ||
| 008 | 210719s2001 xx 000 0 und d | ||
| 040 | _cAL | ||
| 041 | _aeng | ||
| 082 | _a820.33 ABOB | ||
| 100 |
_aABOOBACKER (Sara) _9194286 |
||
| 245 | _aBreaking ties | ||
| 260 |
_aChennai _bMacmillan India Ltd. _c2001 |
||
| 300 |
_av---106 _bPB |
||
| 365 |
_b86 _cRs |
||
| 650 |
_aIndian English Fiction _9194287 |
||
| 650 |
_aChandragiri Teeradalli _9194293 |
||
| 650 |
_aIndian English Literature _9194288 |
||
| 650 |
_a SARA ABUBAKKAR. _9194290 |
||
| 700 |
_aVinamala Viswanatha Tr. _9194289 |
||
| 906 | _aBreaking ; by ; ties ; Tr ; Vinamala ; Viswanatha | ||
| 942 |
_2ddc _cBK |
||
| 999 |
_c214918 _d214918 |
||